• 首页
  • 本馆介绍
  • 公告通知
  • 最新文献
  • 馆藏检索
  • 电子资源
  • 读者导购
  • 参考咨询
  • 我的图书馆
  • 登录
  • 详细信息显示
  • 放入我的书架
  • 预约/预借图书
  • 作者相关作品
  • 分类相关作品
  • 丛书相关作品
  • 出版社相关作品

书目信息

  • 表格格式
  • 工作单格式
  • 卡片格式
题名:
青春奇妙物语
    
 
作者: 两色风景 著
分册: 2  
出版信息: 北京   中国致公出版社  2019
页数: 302页
开本: 24cm
丛书名:
单 册:
中图分类: I247.81 , I247.57
科图分类:
主题词: 故事--中国--当代--选集
电子资源:
ISBN: 978-7-5145-1381-3
000 00971nam0 2200229 450
001 2335741773
005 20231201095639.81
010    @a978-7-5145-1381-3@dCNY36.00
100    @a20191029d2019 em y0chiy50 ea
101 0  @achi
102    @aCN@b110000
105    @aa z 000fy
200 1  @a青春奇妙物语@Aqing chun qi miao wu yu@h2@f两色风景著
210    @a北京@c中国致公出版社@d2019
215    @a302页@c图@d24cm
330    @a本书为作者两色风景代表作《青春奇妙物语》的再版,讲述了一个宿舍里个性迥异的10个人,经历的一个又一个奇幻事件,如追女生有必胜说明书,去打工聘为代理死神,自拍时不幸被相机封印,做梦进入平行空间,汪星人咬一口醒来变身吸血鬼等,内容轻松爆笑,极具想象力与无厘头气质。随着事件发生,10个兄弟有了越来越多的羁绊,带领读者见证大学校园最难忘的友谊和青春。
606 0  @a故事@y中国@z当代@j选集
690    @aI247.81@v5
690    @aI247.57@v4
701  0 @a两色风景@Aliang se feng jing@4著
801  0 @aCN@b91MARC@c20191029
905    @aZUCC@dI247.57@e6830:2
    
    青春奇妙物语.2/两色风景著.-北京:中国致公出版社,2019
    302页:图;24cm
    
    
    ISBN 978-7-5145-1381-3:CNY36.00
    本书为作者两色风景代表作《青春奇妙物语》的再版,讲述了一个宿舍里个性迥异的10个人,经历的一个又一个奇幻事件,如追女生有必胜说明书,去打工聘为代理死神,自拍时不幸被相机封印,做梦进入平行空间,汪星人咬一口醒来变身吸血鬼等,内容轻松爆笑,极具想象力与无厘头气质。随着事件发生,10个兄弟有了越来越多的羁绊,带领读者见证大学校园最难忘的友谊和青春。
●
相关链接 在五车中查询图书 在当当中查询图书 在豆瓣中查询图书


正题名:青春奇妙物语     索取号:I247.57/6830:2         预约/预借

序号 登录号 条形码 馆藏地/架位号 状态 备注
1 2001257347   2001257347   辽宁北方(第一批)/辽宁北方(第一批)/99/ [索取号:I247.57/6830:2] 在馆    
2 2001257348   2001257348   辽宁北方(第一批)/辽宁北方(第一批)/99/ [索取号:I247.57/6830:2] 在馆    
3 2001257349   2001257349   辽宁北方(第一批)/辽宁北方(第一批)/99/ [索取号:I247.57/6830:2] 在馆    
4 2001257350   2001257350   辽宁北方(第一批)/辽宁北方(第一批)/99/ [索取号:I247.57/6830:2] 在馆    
5 2001257351   2001257351   辽宁北方(第一批)/辽宁北方(第一批)/99/ [索取号:I247.57/6830:2] 在馆    
6 2001257352   2001257352   辽宁北方(第一批)/辽宁北方(第一批)/99/ [索取号:I247.57/6830:2] 在馆    
山东省滨州职业学院图书馆 欢迎您!
大连网信软件有限公司© 版权所有